| 000 | 00879cac a22002051u 4500 | ||
|---|---|---|---|
| 008 | 081201t2004 nyj|||||r|||| 001 0 eng d | ||
| 020 | _a 0130464147 | ||
| 082 |
_a657.835 _bIVE _222 |
||
| 245 |
_aIntroduction to governmental and not-for-profit accounting / _cMartin Ives |
||
| 250 |
_a5th ed. / _bMartin Ives, Joseph R. Razek, Gordon A. Hosch. |
||
| 260 |
_aUpper Saddle River, N.J. : _bPearson Prentice Hall, _cc2004. |
||
| 300 |
_axvi, 704 p. : _bill. ; _c24 cm. |
||
| 500 | _a"International edition"--Cover. | ||
| 500 | _aPrevious ed.: / Joseph R. Razek, Gordon A. Hosch. Englewood Cliffs, NJ ; London : Prentice Hall, 2000. | ||
| 504 | _aIncludes bibliographical references and index. | ||
| 650 |
_aNonprofit organizations _xAccounting. _933532 |
||
| 650 |
_933531 _aFinance, Public _xAccounting |
||
| 700 |
_aHosch, Gordon A., _ad 1941- _933533 |
||
| 942 |
_cBB _k657.835IVE _2ddc |
||
| 999 |
_c1058 _d1058 |
||